000
00276nam a22001217a 4500
082
_a
671.752 OLL'H
100
_a
OLLARD, E.A
_9
80013
245
_a
HANDBOOK OF INDUSTRIAL ELECTRIC PLATING
250
_a
3RD
260
_a
NEWYORK
_b
ILIFFE
_c
1958
300
_a
400P
942
_c
BK
999
_c
584990
_d
584990